[Event "HUN-chT2 Breyer 1617"]
[Site "Hungary"]
[Date "2017.02.26"]
[Round "7.4"]
[White "Persanyi, Barnabas"]
[Black "Papista, Akos"]
[Result "1-0"]
[WhiteElo "2182"]
[BlackElo "2142"]
[PlyCount "113"]
[EventDate "2016.10.30"]
[EventType "team-tourn"]
[EventRounds "9"]
[EventCountry "HUN"]
[SourceTitle "EXT 2021"]
[Source "ChessBase"]
[SourceDate "2020.10.23"]
[SourceVersion "1"]
[SourceVersionDate "2020.10.23"]
[SourceQuality "1"]
[WhiteTeam "Zsambek"]
[BlackTeam "Paty"]
[WhiteTeamCountry "HUN"]
[BlackTeamCountry "HUN"]

1. e4 e5 2. Nf3 Nc6 3. Bc4 Bc5 4. c3 Nf6 5. d3 a6 6. Bb3 Ba7 7. Nbd2 d6 8. Nf1 Ne7 9. Ng3 Ng6 10. 0-0 0-0 11. Be3 Be6 12. Bxa7 Rxa7 13. d4 Qc8 14. Qd2 Re8 15. Rad1 Bg4 16. Qe3 Nf4 17. dxe5 dxe5 18. Nxe5 Bxd1 19. Rxd1 Ng6 20. Nxg6 hxg6 21. e5 Ra8 22. Qf4 Qg4 23. Qxg4 Nxg4 24. e6 Re7 25. exf7+ Kf8 26. f3 Nh6 27. Kf2 Nxf7 28. Ne2 Rd8 29. Rxd8+ Nxd8 30. Nf4 Rd7 31. Nxg6+ Ke8 32. Ke2 Nf7 33. h4 b5 34. g4 c5 35. h5 a5 36. c4 Rd4 37. cxb5 Nd6 38. g5 Nf5 39. Ne5 Ng3+ 40. Kf2 Nf5 41. Be6 Nd6 42. b6 Rd2+ 43. Kg3 Ke7 44. Nc4 Re2 45. Nxd6 Kxd6 46. Bb3 Re7 47. Kf4 Kc6 48. Kf5 Kxb6 49. h6 gxh6 50. gxh6 Kb5 51. Be6 c4 52. Kf6 Rh7 53. Kg6 Re7 54. Bf7 Re1 55. h7 Rh1 56. Kg7 a4 57. h8Q 1-0

[Event "HUN-chT2 Breyer 1617"]
[Site "Hungary"]
[Date "2016.12.11"]
[Round "4.4"]
[White "Papista, Akos"]
[Black "Toth Katona, Tamas"]
[Result "0-1"]
[WhiteElo "2142"]
[BlackElo "2019"]
[PlyCount "50"]
[EventDate "2016.10.30"]
[EventType "team-tourn"]
[EventRounds "9"]
[EventCountry "HUN"]
[SourceTitle "EXT 2021"]
[Source "ChessBase"]
[SourceDate "2020.10.23"]
[SourceVersion "1"]
[SourceVersionDate "2020.10.23"]
[SourceQuality "1"]
[WhiteTeam "Paty"]
[BlackTeam "Budapest MTK II"]
[WhiteTeamCountry "HUN"]
[BlackTeamCountry "HUN"]

1. Nf3 d6 2. d4 Nf6 3. Bg5 Nbd7 4. Nbd2 g6 5. e4 Bg7 6. Bc4 e5 7. dxe5 dxe5 8. h3 Qe7 9. Qe2 h6 10. Bxf6 Bxf6 11. Qe3 Nc5 12. 0-0-0 a5 13. Nb3 Nd7 14. Kb1 c6 15. Rd2 a4 16. Nc1 Qb4 17. Be2 Nc5 18. Nd3 Nxd3 19. Qxd3 Be6 20. Qe3 a3 21. b3 Bg7 22. Ne1 0-0 23. c3 Qa5 24. Kc2 Bxb3+ 25. Kxb3 Qa4# 0-1

[Event "NATO-ch 27th"]
[Site "Shrivenham"]
[Date "2016.08.25"]
[Round "6"]
[White "Sycz, Dariusz"]
[Black "Papista, Akos"]
[Result "1-0"]
[WhiteElo "2143"]
[BlackElo "2127"]
[PlyCount "113"]
[EventDate "2016.08.22"]
[EventType "swiss"]
[EventRounds "7"]
[EventCountry "ENG"]
[SourceTitle "EXT 2018"]
[Source "ChessBase"]
[SourceDate "2017.10.13"]
[SourceVersion "1"]
[SourceVersionDate "2017.10.13"]
[SourceQuality "1"]

1. d4 d5 2. Nf3 c6 3. e3 Nf6 4. Bd3 Bg4 5. b3 Nbd7 6. Bb2 e6 7. Nbd2 Bb4 8. a3 Bxd2+ 9. Qxd2 Bxf3 10. gxf3 Nh5 11. 0-0-0 Qe7 12. Qa5 b6 13. Qd2 Qd6 14. Kb1 b5 15. Qa5 0-0 16. Bc3 Rfc8 17. Bb4 Qb8 18. Rc1 a6 19. Ka2 c5 20. dxc5 Ne5 21. Qb6 Nd7 22. Qxb8 Raxb8 23. Be2 Nxc5 24. c4 bxc4 25. bxc4 a5 26. Bxc5 Rxc5 27. cxd5 Rxd5 28. Rhd1 Nf6 29. Rxd5 Nxd5 30. Rc5 g6 31. Bd3 Rd8 32. Ba6 Rd6 33. Bb7 Nb6 34. Rxa5 Rd2+ 35. Kb3 Rxf2 36. h4 Re2 37. Kb4 Rxe3 38. Kc5 Nd7+ 39. Kd6 Rd3+ 40. Kc7 Kf8 41. Be4 Rd1 42. a4 Ke7 43. Rb5 Rc1+ 44. Bc6 Nc5 45. a5 h5 46. Rb2 f6 47. Kb6 g5 48. hxg5 fxg5 49. Bb5 Kd6 50. Rg2 g4 51. fxg4 hxg4 52. Rxg4 e5 53. Rg6+ Ke7 54. Rc6 Nd7+ 55. Kc7 Rb1 56. Bc4 Ra1 57. a6 1-0

[Event "NATO-ch 26th"]
[Site "Amsterdam"]
[Date "2015.07.07"]
[Round "3.6"]
[White "Papista, Akos"]
[Black "Marquardt, Christian"]
[Result "1/2-1/2"]
[WhiteElo "2139"]
[BlackElo "2089"]
[PlyCount "43"]
[EventDate "2015.07.06"]
[EventType "swiss"]
[EventRounds "7"]
[EventCountry "NED"]
[SourceTitle "EXT 2016"]
[Source "ChessBase"]
[SourceDate "2015.10.08"]
[SourceVersion "1"]
[SourceVersionDate "2015.10.08"]
[SourceQuality "1"]
[WhiteTeam "Hungary"]
[BlackTeam "NATO II"]
[WhiteTeamCountry "HUN"]

1. e4 c6 2. Ne2 d5 3. e5 d4 4. Ng3 Be6 5. f4 g6 6. d3 Bg7 7. Ne4 h5 8. c3 Nh6 9. Nbd2 0-0 10. Nf3 Nf5 11. c4 c5 12. h3 Nc6 13. Bd2 b6 14. Qc1 Qd7 15. g4 hxg4 16. hxg4 Ne3 17. Bxe3 Bxg4 18. e6 fxe6 19. Nh2 dxe3 20. Nxg4 Rxf4 21. Nxe3 Ne5 22. Qd1 1/2-1/2

[Event "HUN-chT2 Charousek 1415"]
[Site "Hungary"]
[Date "2014.12.14"]
[Round "4"]
[White "Papista, Akos"]
[Black "Buzas, Bertalan"]
[Result "1/2-1/2"]
[WhiteElo "2148"]
[BlackElo "2124"]
[PlyCount "71"]
[EventDate "2014.10.12"]
[EventType "team-tourn"]
[EventRounds "9"]
[EventCountry "HUN"]
[SourceTitle "EXT 2016"]
[Source "ChessBase"]
[SourceDate "2015.10.08"]
[SourceVersion "1"]
[SourceVersionDate "2015.10.08"]
[SourceQuality "1"]
[WhiteTeam "Biatorbagy"]
[BlackTeam "Tapolca"]
[WhiteTeamCountry "HUN"]
[BlackTeamCountry "HUN"]

1. d4 d5 2. Nf3 Nf6 3. c4 e6 4. g3 Bb4+ 5. Bd2 Be7 6. Bg2 c6 7. Qb3 b6 8. Bf4 0-0 9. 0-0 Ba6 10. Nbd2 Nh5 11. Bxb8 Qxb8 12. Ne5 Qd6 13. Qa4 Bb7 14. cxd5 cxd5 15. Rfc1 Qb4 16. Qd7 Bc8 17. Qc7 Bd6 18. Qc3 Ba6 19. Bf3 Nf6 20. Nc6 Qxc3 21. Rxc3 Bb7 22. Rac1 Rfc8 23. Bg2 Kf8 24. e3 Ke8 25. a3 Bxc6 26. Rxc6 Rxc6 27. Rxc6 Kd7 28. Rc2 Rc8 29. Rxc8 Kxc8 30. Bf1 Kb7 31. Bd3 h6 32. Kf1 Kc6 33. Ke2 b5 34. f4 Nd7 35. Nb3 Kb6 36. e4 1/2-1/2

[Event "NATO-ch 25th"]
[Site "Quebec"]
[Date "2014.09.09"]
[Round "2"]
[White "Bielawski, Michal"]
[Black "Papista, Akos"]
[Result "0-1"]
[WhiteElo "2051"]
[BlackElo "2168"]
[PlyCount "66"]
[EventDate "2014.09.08"]
[EventType "team-swiss"]
[EventRounds "7"]
[EventCountry "CAN"]
[SourceTitle "EXT 2015"]
[Source "ChessBase"]
[SourceDate "2014.11.20"]
[SourceVersion "1"]
[SourceVersionDate "2014.11.20"]
[SourceQuality "1"]
[WhiteTeam "Poland"]
[BlackTeam "Hungary"]
[WhiteTeamCountry "POL"]
[BlackTeamCountry "HUN"]

1. d4 Nf6 2. c4 d6 3. Nc3 c6 4. e4 e5 5. Nf3 Qc7 6. Be2 Bg4 7. Be3 Nbd7 8. 0-0 Bxf3 9. Bxf3 Be7 10. Qd2 0-0 11. Rac1 Rfe8 12. Rfd1 exd4 13. Bxd4 Ne5 14. Be2 Nfd7 15. f4 Ng6 16. Be3 Rad8 17. b4 Bf8 18. g3 d5 19. cxd5 Bxb4 20. d6 Qa5 21. Bf3 Nc5 22. Qf2 b6 23. Bd4 Ne6 24. Be3 Bxc3 25. f5 Ne5 26. fxe6 Rxe6 27. Bg2 Rexd6 28. Rxd6 Rxd6 29. Qf5 Rd8 30. Bf4 g6 31. Qg5 f6 32. Qh4 Nd3 33. Rf1 Qc5+ 0-1

[Event "HUN-chT2 Breyer 1314"]
[Site "Hungary"]
[Date "2014.03.02"]
[Round "6"]
[White "Papista, Akos"]
[Black "Ikanov, Imre"]
[Result "1-0"]
[WhiteElo "2156"]
[BlackElo "2001"]
[PlyCount "97"]
[EventDate "2013.09.08"]
[EventType "team-tourn"]
[EventRounds "9"]
[EventCountry "HUN"]
[SourceTitle "EXT 2016"]
[Source "ChessBase"]
[SourceDate "2015.10.08"]
[SourceVersion "1"]
[SourceVersionDate "2015.10.08"]
[SourceQuality "1"]
[WhiteTeam "Biatorbagy"]
[BlackTeam "Zoltek"]
[WhiteTeamCountry "HUN"]
[BlackTeamCountry "HUN"]

1. e4 c5 2. Nf3 Nf6 3. Nc3 Nc6 4. d4 d5 5. exd5 Nxd5 6. dxc5 Nxc3 7. Qxd8+ Nxd8 8. bxc3 f6 9. Nd4 a6 10. f4 e6 11. Nb3 Bd7 12. Be3 Rc8 13. Bd3 Ba4 14. 0-0-0 Bxb3 15. cxb3 Bxc5 16. Bd2 Kf7 17. Kb2 g6 18. a4 Nc6 19. b4 Bb6 20. a5 Ba7 21. Be4 Rcd8 22. Bc1 Ke7 23. Kb3 Rxd1 24. Rxd1 Rd8 25. Re1 f5 26. Bf3 Kf6 27. Kc2 Rd7 28. Bb2 Kf7 29. Bc1 Kf6 30. g4 h6 31. g5+ hxg5 32. fxg5+ Kf7 33. Bf4 Rd8 34. Rd1 Rxd1 35. Kxd1 Ke7 36. h4 Bf2 37. h5 gxh5 38. Bxh5 e5 39. Bd2 f4 40. Bf3 Bh4 41. g6 Kf6 42. Be4 Ke6 43. c4 Bf6 44. b5 axb5 45. cxb5 Nd4 46. b6 Bd8 47. Bxb7 Kf6 48. Be4 f3 49. Bg5+ 1-0

[Event "HUN-chT2 Breyer 1314"]
[Site "Hungary"]
[Date "2013.10.20"]
[Round "3"]
[White "Papista, Akos"]
[Black "Papp, Gabor1111"]
[Result "1-0"]
[WhiteElo "2156"]
[BlackElo "1906"]
[PlyCount "115"]
[EventDate "2013.09.08"]
[EventType "team-tourn"]
[EventRounds "9"]
[EventCountry "HUN"]
[SourceTitle "EXT 2016"]
[Source "ChessBase"]
[SourceDate "2015.10.08"]
[SourceVersion "1"]
[SourceVersionDate "2015.10.08"]
[SourceQuality "1"]
[WhiteTeam "Biatorbagy"]
[BlackTeam "Gyor Komszomol"]
[WhiteTeamCountry "HUN"]
[BlackTeamCountry "HUN"]

1. d4 d5 2. Nf3 e6 3. e3 Nf6 4. Bd3 Bd6 5. Nbd2 0-0 6. 0-0 c6 7. Qe2 c5 8. dxc5 Bxc5 9. e4 Nc6 10. e5 Nd7 11. Nb3 Be7 12. c3 Re8 13. Bf4 Nf8 14. Bg3 a6 15. Nbd4 Nxd4 16. Nxd4 f5 17. f4 g5 18. fxg5 Bxg5 19. Rae1 Re7 20. h4 Bh6 21. Qh5 Bg7 22. Qg5 Bd7 23. h5 Rf7 24. Qf4 h6 25. Bh4 Qe8 26. g4 fxg4 27. Qxg4 Kh8 28. Rxf7 Qxf7 29. Rf1 Qg8 30. Bf6 Bxf6 31. Qxg8+ Kxg8 32. Rxf6 Kg7 33. Bg6 Nxg6 34. Rxg6+ Kh7 35. Nxe6 Be8 36. Rg7+ Kh8 37. Rxb7 Bxh5 38. Nf4 Bg4 39. Kf2 Re8 40. Rb6 h5 41. Rxa6 Kg7 42. Nxd5 Rxe5 43. Ne3 Be6 44. Ra7+ Kg6 45. Ng2 Rf5+ 46. Ke3 Re5+ 47. Kd4 Rd5+ 48. Ke4 Kf6 49. Nf4 Re5+ 50. Kd4 Bg8 51. Ra8 Bf7 52. c4 Kf5 53. Rf8 Re4+ 54. Kd3 Rxf4 55. Rxf7+ Kg4 56. Rxf4+ Kxf4 57. Ke2 Kg3 58. Kf1 1-0

[Event "NATO-ch 24th"]
[Site "Rynia"]
[Date "2013.08.16"]
[Round "7"]
[White "De Cat, Ben"]
[Black "Papista, Akos"]
[Result "1/2-1/2"]
[WhiteElo "1914"]
[BlackElo "2173"]
[PlyCount "38"]
[EventDate "2013.08.12"]
[EventType "swiss"]
[EventRounds "7"]
[EventCountry "POL"]
[SourceTitle "CBM 156 Extra"]
[Source "ChessBase"]
[SourceDate "2013.10.22"]
[SourceVersion "1"]
[SourceVersionDate "2013.10.22"]
[SourceQuality "1"]

1. e4 e5 2. Nf3 d6 3. d3 Nc6 4. c3 g6 5. Be2 Bg7 6. Nbd2 Nge7 7. b4 a6 8. Bb2 0-0 9. a4 h6 10. b5 Na5 11. 0-0 f5 12. d4 fxe4 13. Nxe4 Bf5 14. Nfd2 d5 15. Nc5 axb5 16. axb5 b6 17. Ncb3 Nb7 18. dxe5 Bxe5 19. Nf3 Bf6 1/2-1/2

[Event "HUN-chT2 Breyer 1213"]
[Site "Hungary"]
[Date "2013.01.27"]
[Round "6.6"]
[White "Adam, Gyorgy"]
[Black "Papista, Akos"]
[Result "0-1"]
[WhiteElo "2047"]
[BlackElo "2159"]
[PlyCount "138"]
[EventDate "2012.09.16"]
[EventType "team-tourn"]
[EventRounds "11"]
[EventCountry "HUN"]
[SourceTitle "EXT 2014"]
[Source "ChessBase"]
[SourceDate "2013.11.20"]
[SourceVersion "1"]
[SourceVersionDate "2013.11.20"]
[SourceQuality "1"]
[WhiteTeam "Torokbalint"]
[BlackTeam "Biatorbagy"]
[WhiteTeamCountry "HUN"]
[BlackTeamCountry "HUN"]

1. e4 e5 2. Nf3 Nc6 3. Nc3 Nf6 4. Bb5 Bb4 5. 0-0 0-0 6. d3 Bxc3 7. bxc3 d6 8. h3 Qe7 9. Bg5 h6 10. Bh4 Nd8 11. Nd2 Ne6 12. Qf3 Nf4 13. d4 g5 14. Bg3 Ng6 15. Be2 Kg7 16. Rfe1 h5 17. Qe3 h4 18. Bh2 Nf4 19. Kf1 N6h5 20. Bg4 Bxg4 21. hxg4 Nf6 22. f3 Rh8 23. Bxf4 gxf4 24. Qf2 Rh7 25. Ke2 b6 26. Rh1 Nd7 27. Rh3 Rah8 28. Rah1 Rh6 29. Qe1 Qf6 30. Qa1 Kf8 31. Qb2 Qe7 32. Qb5 Nb8 33. a4 a5 34. Nc4 Qd7 35. Qb3 Nc6 36. Rd1 exd4 37. cxd4 d5 38. Ne5 Nxe5 39. dxe5 d4 40. c3 c5 41. cxd4 cxd4 42. Qc4 Rc6 43. Qxd4 Rc2+ 44. Kf1 Qxd4 45. Rxd4 Ke7 46. Kg1 Ra2 47. Rh1 Rc8 48. Kh2 h3 49. Rhd1 hxg2 50. R1d2 Rcc2 51. Rd7+ Kf8 52. Rxc2 Rxc2 53. Rd6 Rb2 54. Rf6 Ke7 55. Rxf4 b5 56. axb5 a4 57. Rf6 a3 58. Ra6 a2 59. Ra7+ Ke6 60. f4 g1Q+ 61. Kxg1 Rb1+ 62. Kf2 a1Q 63. Rxa1 Rxa1 64. g5 Ra3 65. b6 Rb3 66. b7 Rxb7 67. Ke3 Rd7 68. Kf3 Rd1 69. Ke3 Rf1 0-1

[Event "NATO-ch 22nd"]
[Site "Kaunas"]
[Date "2011.08.10"]
[Round "4"]
[White "Wantiez, Fabrice"]
[Black "Papista, Akos"]
[Result "1-0"]
[WhiteElo "2357"]
[BlackElo "2158"]
[PlyCount "151"]
[EventDate "2011.08.08"]
[EventType "swiss"]
[EventRounds "7"]
[EventCountry "LTU"]
[SourceTitle "CBM 143 Extra"]
[Source "ChessBase"]
[SourceDate "2011.08.29"]
[SourceVersion "1"]
[SourceVersionDate "2011.08.29"]
[SourceQuality "1"]

1. e4 e5 2. Nf3 Nc6 3. Bb5 a6 4. Ba4 Nf6 5. 0-0 Be7 6. Re1 b5 7. Bb3 d6 8. c3 0-0 9. h3 Nb8 10. d4 Nbd7 11. Nbd2 Bb7 12. Bc2 Re8 13. Nf1 Bf8 14. Ng3 g6 15. b3 c5 16. d5 h6 17. a4 bxa4 18. Rxa4 a5 19. Be3 Qc7 20. Nd2 Nb6 21. Ra3 Nbxd5 22. exd5 Nxd5 23. c4 Nxe3 24. fxe3 f5 25. e4 f4 26. Ne2 g5 27. Nc3 Qf7 28. Nd5 h5 29. Qf3 Re6 30. Rea1 Rh6 31. Rxa5 Rxa5 32. Rxa5 Bc8 33. Ra1 g4 34. Qd3 Rg6 35. hxg4 hxg4 36. Kf2 Rh6 37. Rg1 Rh5 38. Ke2 Bh6 39. Kd1 Bg5 40. Kc1 Rh2 41. Kb1 Bh4 42. Nb6 Be6 43. Qxd6 Bf2 44. Qb8+ Kh7 45. Rf1 Be3 46. Qxe5 Bxd2 47. Nd5 Rh6 48. Nxf4 Be3 49. Qg5 Bxf4 50. Rxf4 Rh1+ 51. Kb2 Qg7+ 52. e5+ Kh8 53. Qd8+ Bg8 54. Qf6 Qxf6 55. exf6 Bf7 56. Rxg4 Rf1 57. Bg6 Rxf6 58. Bxf7 Rxf7 59. Rg5 Rc7 60. Kc3 Kh7 61. Kd3 Kh6 62. Rg3 Kh5 63. Ke4 Rd7 64. Kf5 Kh6 65. Rg6+ Kh7 66. Rb6 Rd3 67. g4 Kg7 68. Rb7+ Kg8 69. g5 Kf8 70. Kg6 Rd6+ 71. Kh7 Rd3 72. Rb8+ Kf7 73. g6+ Kf6 74. Rb6+ Ke7 75. g7 Rh3+ 76. Rh6 1-0

[Event "NATO-ch 22nd"]
[Site "Kaunas"]
[Date "2011.08.08"]
[Round "1"]
[White "Papista, Akos"]
[Black "Crapulli, Giuseppe"]
[Result "1/2-1/2"]
[WhiteElo "2158"]
[BlackElo "1976"]
[PlyCount "118"]
[EventDate "2011.08.08"]
[EventType "swiss"]
[EventRounds "7"]
[EventCountry "LTU"]
[SourceTitle "CBM 143 Extra"]
[Source "ChessBase"]
[SourceDate "2011.08.29"]
[SourceVersion "1"]
[SourceVersionDate "2011.08.29"]
[SourceQuality "1"]

1. e4 c5 2. Nf3 e6 3. d4 cxd4 4. Nxd4 a6 5. Nc3 Qc7 6. Be3 Nc6 7. Qd2 Nf6 8. f3 Bb4 9. a3 Bxc3 10. Qxc3 d5 11. Nxc6 Qxc6 12. Bd4 Qxc3+ 13. Bxc3 dxe4 14. Bxf6 gxf6 15. fxe4 Bd7 16. Bd3 Ke7 17. 0-0 Bc6 18. Rf4 Rag8 19. g3 h5 20. Rb1 Rg4 21. Rxg4 hxg4 22. Rf1 e5 23. Rf2 Bd7 24. Kf1 Be6 25. Ke2 Bc8 26. b3 a5 27. a4 b6 28. Kd2 Rd8 29. Kc3 Rd4 30. Rf1 Bd7 31. Kd2 Be6 32. Ke3 Rd8 33. Rf2 Rc8 34. Kd2 Rd8 35. Kc3 Rd4 36. Re2 Bc8 37. Re3 Bb7 38. Kb2 Bc8 39. c3 Rd8 40. Kc2 Be6 41. c4 Kd6 42. Re2 Kc5 43. Kc3 Rd6 44. Rf2 Bd7 45. Bc2 Bc8 46. Rf1 Bd7 47. Rb1 Rd4 48. Rf1 Rd6 49. Bd3 Bc8 50. Re1 Bd7 51. Re2 Bc8 52. Re1 Bd7 53. Rb1 Rd4 54. Rf1 Rd6 55. Bc2 Bc8 56. Bd3 Bd7 57. Bc2 Bc8 58. Bd3 Bd7 59. Bb1 Bc8 1/2-1/2